Regionalism and politics of separatism in India (Record no. 566)

MARC details
000 -LEADER
fixed length control field 00550cam a2200205ua 4500
001 - CONTROL NUMBER
control field 637
005 - DATE AND TIME OF LATEST TRANSACTION
control field 20260515113212.0
008 - FIXED-LENGTH DATA ELEMENTS--GENERAL INFORMATION
fixed length control field 110411n ii |||gr||||Z||||||eng
020 ## - INTERNATIONAL STANDARD BOOK NUMBER
International Standard Book Number 81-7044-318-0
040 ## - CATALOGING SOURCE
Transcribing agency MAIN
082 ## - DEWEY DECIMAL CLASSIFICATION NUMBER
Classification number 320.954
245 1# - TITLE STATEMENT
Title Regionalism and politics of separatism in India
Statement of responsibility, etc. by Bhawani Singh
250 ## - EDITION STATEMENT
Edition statement 1st.
260 ## - PUBLICATION, DISTRIBUTION, ETC.
Place of publication, distribution, etc. Jaipur:
Name of publisher, distributor, etc. Printwell,993.
300 ## - PHYSICAL DESCRIPTION
Extent 159p:0cm.
653 ## - INDEX TERM--UNCONTROLLED
Uncontrolled term Political science
653 ## - INDEX TERM--UNCONTROLLED
Uncontrolled term Regionalism and politics of separatism in India
700 ## - ADDED ENTRY--PERSONAL NAME
Personal name Singh, Bhawani.,
Relator term Author.
942 ## - ADDED ENTRY ELEMENTS (KOHA)
Koha item type Books
Holdings
Withdrawn status Lost status Damaged status Not for loan Home library Current library Shelving location Date acquired Total checkouts Full call number Barcode Date last seen Copy number Price effective from Koha item type
        Naharkatiya College Library Naharkatiya College Library General stacks 09/19/2020   320.954 | SIN 321 09/19/2020 1 09/19/2020 Books